|
|
|
|
| LEADER |
00000nam0a2200000 4500 |
| 001 |
206497 |
| 005 |
20231031190723.0 |
| 035 |
|
|
|a (RuTPU)RU\TPU\book\225112
|
| 090 |
|
|
|a 206497
|
| 100 |
|
|
|a 20120112d1974 k y0rusy50 ca
|
| 101 |
0 |
|
|a rus
|
| 102 |
|
|
|a RU
|
| 105 |
|
|
|a a z 001zy
|
| 200 |
1 |
|
|a Обогащение и механическая переработка торфа
|f Всесоюзный научно-исследовательский институт торфяной промышленности
|
| 210 |
|
|
|a Ленинград
|c Энергия
|d 1974
|
| 215 |
|
|
|a 143 с.
|c ил.
|
| 225 |
1 |
|
|a Труды Всесоюзного научно-исследовательского института торфяной промышленности
|v Вып. 34
|
| 320 |
|
|
|a Библиография в конце статей
|
| 610 |
1 |
|
|a торфяная промышленность
|
| 610 |
1 |
|
|a торф
|
| 610 |
1 |
|
|a обогащение
|
| 610 |
1 |
|
|a механическая переработка
|
| 610 |
1 |
|
|a торфяные залежи
|
| 610 |
1 |
|
|a торфообразование
|
| 610 |
1 |
|
|a Северо-Западный регион
|
| 610 |
1 |
|
|a торфяные болота
|
| 610 |
1 |
|
|a торфяные месторождения
|
| 610 |
1 |
|
|a подготовка
|
| 610 |
1 |
|
|a технологические схемы
|
| 610 |
1 |
|
|a перемешивание
|
| 610 |
1 |
|
|a расчеты
|
| 610 |
1 |
|
|a экономическая оценка
|
| 675 |
|
|
|a 622.331
|v 3
|
| 712 |
0 |
2 |
|a Всесоюзный научно-исследовательский институт торфяной промышленности
|g ВНИИТП
|y Ленинград
|z 1941-
|2 stltpush
|3 (RuTPU)RU\TPU\col\10284
|
| 801 |
|
1 |
|a RU
|b 63413507
|c 20120112
|
| 801 |
|
2 |
|a RU
|b 63413507
|c 20120112
|g RCR
|
| 942 |
|
|
|c BK
|